| 000 | 00655nam a2200217 i 4500 | ||
|---|---|---|---|
| 001 | bg | ||
| 100 | 1 | _aCHRZANOWSKI, Marcin | |
| 245 | 1 | 0 |
_aReologia ciał stałych / _cMarcin Chrzanowski ; Politechnika Krakowska im. Tadeusza Kościuszki. |
| 260 |
_aKraków : _bPK, _c1995. |
||
| 300 |
_a126 s. : _brys., wykr. ; _c24 cm. |
||
| 504 | _aBibliogr. s. 124-126. | ||
| 521 | _aSkrypt dla studentów wyższych szkół technicznych. | ||
| 650 | 9 |
_aCiało stałe _xfizyka |
|
| 650 | 9 | _aReologia | |
| 655 | _aPodręczniki akademickie | ||
| 040 | _cBPK | ||
| 041 | 0 | _apl | |
| 080 | _a539.3(075.8) | ||
| 942 | _cKS | ||
| 008 | s pl f |000 0 pol | ||
| 999 |
_c6897 _d6897 |
||
| 856 |
_uhttp://koha.tu.koszalin.pl/cgi-bin/koha/opac-detail.pl?biblionumber=6897 _yKatalog online BPK |
||